| 000 | 00857nam a2200277 a 4500 | ||
|---|---|---|---|
| 001 | 42728 | ||
| 003 | BD-RjUL | ||
| 005 | 20211209053601.0 | ||
| 008 | 160615s1983 nyua 001 0 eng | ||
| 020 | _a0123110769 | ||
| 035 | _a(BD-RjUL)42846 | ||
| 040 |
_aDLC _cDLC _dBD-RjUL _beng |
||
| 041 | _aeng | ||
| 082 | 0 | 0 |
_a338.5 _223 _bGWM 1983 |
| 100 | 1 |
_aGwartney, James D. _9131333 |
|
| 245 | 1 | 0 |
_aMicroeconomics : _bprivate and public choice / _cJames D. Gwartney, Richard Stroup, with the assistance of A.H. Studenmund. |
| 250 | _a3rd ed. | ||
| 260 |
_aNew York : _bAcademic Press, _cc1983. |
||
| 300 |
_axxii, 447 p. : _bill. ; _c25 cm. |
||
| 500 | _aIncludes index. | ||
| 650 | 0 |
_aMicroeconomics. _9116901 |
|
| 650 | 0 |
_aÉconomie politique. _9131334 |
|
| 700 | 1 |
_aStroup, Richard. _9131335 |
|
| 700 | 1 |
_aStudenmund, A. H. _9131336 |
|
| 942 |
_2ddc _cBK |
||
| 999 |
_c42728 _d42728 |
||